00000000cam 2200000zi 4500
0019.960279
003CaOODSP
00520260512085510
006m     o  d f      
007cr cn|||||||||
008260224t20262026onca    ob   f000 0 fre d
020 |a9780660986050
040 |aCaOODSP|bfre|erda|cCaOODSP
043 |an-cn---
0861 |aFA1-26/2026-1-4F-PDF
1101 |aCanada. |bCommissaire à l'environnement et au développement durable, |eauteur, |eorganisme de publication.
24513|aLa grippe aviaire : |brapport de l'auditeur indépendant.
264 1|a[Ottawa] : |bBureau du vérificateur général du Canada = Office of the Auditor General of Canada, |c2026.
264 4|c©2026
300 |a1 ressource en ligne (v, 35 pages) : |billustrations.
336 |atexte|btxt|2rdacontent/fre
337 |ainformatique|bc|2rdamedia/fre
338 |aressource en ligne|bcr|2rdacarrier/fre
4901 |aRapport du commissaire à l'environnement et au développement durable au Parlement du Canada au nom de la vérificatrice générale du Canada, |x2561-1828
500 |aPublié aussi en anglais sous le titre : Avian influenza : independent auditor's report.
500 |aTitre de la couverture.
504 |aComprend des références bibliographiques.
61016|aCanada. |bEnvironnement et changement climatique Canada|xAudit.
61026|aAgence canadienne d'inspection des aliments|xAudit.
61026|aAgence de santé publique du Canada|xAudit.
650 6|aGrippe aviaire|xVaccination|zCanada|xAudit.
650 6|aGrippe aviaire|zCanada|xPrévention|xAudit.
650 6|aOiseaux migrateurs|xConservation|zCanada.
77508|tAvian influenza : |w(CaOODSP)9.960278
830#0|aRapports de la commissaire à l'environnement et au développement durable au Parlement du Canada.|w(CaOODSP)9.842752
85640|qPDF|s2.49 Mo|uhttps://publications.gc.ca/collections/collection_2026/bvg-oag/FA1-26-2026-1-4-fra.pdf
8564 |qHTML|sS.O.|uhttps://www.canada.ca/fr/verificateur-general/notre-travail/rapports-daudit/commissaire-environnement-developpement-durable-202605-grippe-aviaire.html